[Event "2nd Kolkata GM Open 2015"]
[Site "Kolkata IND"]
[Date "2015.03.19"]
[Round "4.9"]
[White "Deepan, Chakkravarthy J."]
[Black "Chakravarthi Reddy, M"]
[Result "1-0"]
[WhiteTitle "GM"]
[BlackTitle "IM"]
[WhiteElo "2476"]
[BlackElo "2283"]
[WhiteFideId "5011132"]
[BlackFideId "25009532"]
[EventDate "2015.03.16"]

1. c4 f5 2. Nc3 Nf6 3. Nf3 g6 4. d3 Bg7 5. e4 d6 6. exf5 Bxf5 7. d4 O-O 8. Bd3
Bg4 9. Be2 Nc6 10. d5 Bxf3 11. Bxf3 Ne5 12. Be2 c6 13. O-O Rc8 14. Be3 cxd5 15.
Nxd5 e6 16. Nxf6+ Bxf6 17. Qb3 b6 18. f4 Nc6 19. Rad1 Qe7 20. Rfe1 Na5 21. Qb4
e5 22. b3 Bh4 23. g3 exf4 24. Bxf4 Rxf4 25. Bg4 Qc7 26. Bxc8 Qxc8 27. Qxd6 Rg4
28. Qd7 Qxd7 29. Rxd7 Kf8 30. Re6 Bg5 31. Kg2 Bc1 32. Rxa7 1-0

[Event "2nd Kolkata GM Open 2015"]
[Site "Kolkata IND"]
[Date "2015.03.19"]
[Round "4.10"]
[White "Sahoo, Utkal Ranjan"]
[Black "Swapnil, S. Dhopade"]
[Result "0-1"]
[BlackTitle "IM"]
[WhiteElo "2241"]
[BlackElo "2450"]
[WhiteFideId "5034566"]
[BlackFideId "5019184"]
[EventDate "2015.03.16"]

1. d4 Nf6 2. c4 c5 3. Nf3 cxd4 4. Nxd4 Nc6 5. Nc3 e6 6. g3 Qb6 7. e3 Bb4 8. a3
Bxc3+ 9. bxc3 O-O 10. Be2 d5 11. Qb3 Nxd4 12. Qxb6 Nc2+ 13. Kd1 axb6 14. Kxc2
dxc4 15. Bxc4 Bd7 16. f3 Rfc8 17. Bb3 Bb5 18. Re1 Nd7 19. e4 Ne5 20. Re3 Rd8 21.
Bb2 Bd3+ 22. Kc1 b5 23. c4 bxc4 24. Bxe5 cxb3 25. Kb2 Bc4 26. Bc3 b5 27. h4 f6
28. f4 h5 29. Rg1 Kf7 30. e5 Rd5 31. exf6 gxf6 32. g4 hxg4 33. Rxg4 Rf5 34. Reg3
e5 35. h5 exf4 36. Rg7+ Ke6 37. Rg1 Rxh5 38. R7g6 Rh2+ 39. R1g2 Rxg2+ 40. Rxg2
Kf5 41. Rf2 Rd8 42. Bd2 Rxd2+ 43. Rxd2 f3 44. Kc3 Be2 0-1

[Event "2nd Kolkata GM Open 2015"]
[Site "Kolkata IND"]
[Date "2015.03.19"]
[Round "4.11"]
[White "Abhishek, Kelkar"]
[Black "Neelotpal, Das"]
[Result "1/2-1/2"]
[BlackTitle "GM"]
[WhiteElo "2343"]
[BlackElo "2446"]
[WhiteFideId "5019257"]
[BlackFideId "5003512"]
[EventDate "2015.03.16"]

1. d4 d5 2. c4 dxc4 3. Nf3 a6 4. e3 b5 5. a4 Bb7 6. b3 e6 7. bxc4 bxc4 8. Bxc4
Nf6 9. O-O Nbd7 10. Nbd2 Be7 11. Qe2 c5 12. Rb1 Bc6 13. Bxa6 Bxa4 14. Bb2 O-O
15. Rfc1 Qa5 16. Bd3 Rfb8 17. Bc3 Qd8 18. Rxb8 Rxb8 19. Rb1 Nd5 20. Rxb8 Qxb8
21. Ba1 h6 22. h3 cxd4 23. Bxd4 Bf6 24. Bxf6 N5xf6 25. Ne4 Nxe4 26. Bxe4 Nf6 27.
Bc2 Bxc2 28. Qxc2 Nd5 29. Qd3 Qc7 30. Qb1 Qb6 31. Qxb6 Nxb6 32. Nd4 1/2-1/2

[Event "2nd Kolkata GM Open 2015"]
[Site "Kolkata IND"]
[Date "2015.03.19"]
[Round "4.12"]
[White "Kokarev, Dmitry"]
[Black "Soumya, Swaminathan"]
[Result "1-0"]
[WhiteTitle "GM"]
[BlackTitle "WGM"]
[WhiteElo "2638"]
[BlackElo "2366"]
[WhiteFideId "4132181"]
[BlackFideId "5016193"]
[EventDate "2015.03.16"]

1. e4 c5 2. Nf3 Nc6 3. Bb5 e6 4. Bxc6 bxc6 5. d3 Ne7 6. Qe2 Qc7 7. Nh4 h6 8. g3
g5 9. Ng2 Bg7 10. h4 d5 11. hxg5 hxg5 12. Rxh8+ Bxh8 13. Qh5 Qe5 14. Nc3 Rb8 15.
Ne3 Ng6 16. Ng4 Qd4 17. a3 Kd7 18. Be3 Qg7 19. Bxg5 Ba6 20. Bf6 Qf8 21. O-O-O
Kc7 22. Qg5 d4 23. Bxh8 Qxh8 24. Na4 e5 25. f4 Bc8 26. f5 Nf8 27. Qe7+ Nd7 28.
Nxc5 Rb5 29. Nxd7 Bxd7 30. Nf6 1-0

[Event "2nd Kolkata GM Open 2015"]
[Site "Kolkata IND"]
[Date "2015.03.19"]
[Round "4.13"]
[White "Vignesh, NR"]
[Black "Quesada Perez, Yuniesky"]
[Result "0-1"]
[BlackTitle "GM"]
[WhiteElo "2365"]
[BlackElo "2637"]
[WhiteFideId "25012215"]
[BlackFideId "3504409"]
[EventDate "2015.03.16"]

1. d4 Nf6 2. c4 e6 3. g3 Bb4+ 4. Bd2 Qe7 5. Bg2 Nc6 6. Nf3 Bxd2+ 7. Nbxd2 d6 8.
e4 a5 9. O-O e5 10. d5 Nb8 11. b3 Na6 12. a3 O-O 13. b4 Bg4 14. Qb3 c6 15. Rfc1
Bxf3 16. Bxf3 axb4 17. axb4 c5 18. bxc5 Nxc5 19. Qc2 g6 20. Bg2 Qc7 21. Bh3 Ra6
22. Rab1 Rfa8 23. Rb2 Ra1 24. Rcb1 R8a3 25. Kg2 Qa5 26. Rxa1 Rxa1 27. f3 Qa3 28.
Nb1 Qa7 29. Qf2 Qa6 30. Qc2 Kg7 31. Kh1 Qa5 32. Bf1 Qe1 33. Kg2 h5 34. h4 Nfd7
35. Bd3 b6 36. Bf1 Na4 37. Rb3 Ndc5 38. Rb5 Kg8 39. Be2 Nc3 40. Qxc3 Qxe2+ 41.
Kg1 Ra2 0-1

[Event "2nd Kolkata GM Open 2015"]
[Site "Kolkata IND"]
[Date "2015.03.19"]
[Round "4.14"]
[White "Konguvel, Ponnuswamy"]
[Black "Gopal, G.N."]
[Result "0-1"]
[WhiteTitle "IM"]
[BlackTitle "GM"]
[WhiteElo "2362"]
[BlackElo "2575"]
[WhiteFideId "5000548"]
[BlackFideId "5015693"]
[EventDate "2015.03.16"]

1. e4 c5 2. Nf3 e6 3. d4 cxd4 4. Nxd4 Nc6 5. Nc3 Qc7 6. Be3 a6 7. Qd2 Nf6 8.
O-O-O Be7 9. f4 b5 10. e5 b4 11. exf6 bxc3 12. Qxc3 Bxf6 13. g4 h6 14. h4 Bb7
15. Rh2 Rc8 16. Rhd2 Nxd4 17. Qxc7 Rxc7 18. Bxd4 Bf3 19. Re1 a5 20. g5 Bxd4 21.
Rxd4 hxg5 22. fxg5 Ke7 23. Rf4 Bh5 24. Bd3 d5 25. Ra4 Rc5 26. a3 Kd6 27. Kd2 e5
28. b4 axb4 29. axb4 Rc6 30. Ra7 Rhc8 31. b5 Rb6 32. Bf5 Rd8 33. Ra6 Rb8 34. Kc3
f6 35. g6 Kc5 36. Ra7 R8b7 37. Rxb7 Rxb7 38. Bd3 e4 39. Be2 d4+ 40. Kd2 e3+ 41.
Kc1 Bxg6 42. Rg1 Be4 43. h5 f5 44. Rg5 Kd5 45. Kb2 Ke6 46. Rg6+ Ke5 47. Kb3 f4
48. Rg5+ Kf6 49. Rg4 Kf5 0-1

[Event "2nd Kolkata GM Open 2015"]
[Site "Kolkata IND"]
[Date "2015.03.19"]
[Round "4.15"]
[White "Girinath, P.D.S."]
[Black "Lu, Shanglei"]
[Result "0-1"]
[WhiteTitle "IM"]
[BlackTitle "GM"]
[WhiteElo "2334"]
[BlackElo "2570"]
[WhiteFideId "5000572"]
[BlackFideId "8603332"]
[EventDate "2015.03.16"]

1. e4 c5 2. Nf3 d6 3. Bb5+ Nd7 4. O-O a6 5. Bd3 Ngf6 6. Re1 e5 7. c3 Be7 8. Bf1
b5 9. d4 Bb7 10. Nbd2 cxd4 11. cxd4 O-O 12. b3 d5 13. exd5 exd4 14. Bb2 Bxd5 15.
a4 Bb4 16. Nxd4 bxa4 17. Rxa4 a5 18. Re3 Re8 19. Rg3 g6 20. Nf5 Nc5 21. Rxb4
axb4 22. Qc1 Ra5 23. Nc4 Bxc4 24. Qxc4 Nce4 25. Nh6+ Kg7 26. Qxf7+ Kxh6 27. Bc1+
Nd2 28. Rh3+ Rh5 29. Rxh5+ Kxh5 30. Bxd2 Qxd2 31. Qxf6 Kh6 32. g3 Qc3 33. Qf4+
Kg7 34. Qd6 Rf8 35. Qd5 Rf5 36. Qd7+ Rf7 37. Qd5 Qb2 38. f4 Qf6 39. Bc4 Ra7 40.
Kg2 Ra2+ 41. Kf3 h5 42. Qg8+ Kh6 43. Bd3 Rxh2 44. Qc4 Qd6 45. Qe4 Qb6 46. Qe5
Qf2+ 47. Ke4 Qe1+ 48. Kd5 Qxe5+ 49. fxe5 Rh3 50. e6 Rxg3 51. Be4 Kg7 52. e7 Kf7
53. Kd6 Re3 54. e8=Q+ Kxe8 55. Bxg6+ Kd8 56. Bxh5 Rxb3 57. Kc5 Rh3 0-1

[Event "2nd Kolkata GM Open 2015"]
[Site "Kolkata IND"]
[Date "2015.03.19"]
[Round "4.16"]
[White "Stupak, Kirill"]
[Black "Stany, G.A."]
[Result "1-0"]
[WhiteTitle "GM"]
[BlackTitle "IM"]
[WhiteElo "2567"]
[BlackElo "2380"]
[WhiteFideId "13503758"]
[BlackFideId "5029104"]
[EventDate "2015.03.16"]

1. g3 d5 2. Nf3 Nf6 3. Bg2 b5 4. O-O Bb7 5. a4 b4 6. d3 Nbd7 7. Nbd2 e6 8. Re1
Nc5 9. b3 Be7 10. Bb2 O-O 11. Ne5 Nfd7 12. Nxd7 Nxd7 13. e4 Bf6 14. e5 Be7 15.
h4 c5 16. Nf1 Qc7 17. Ne3 d4 18. Bxb7 Qxb7 19. Ng4 Qd5 20. Qe2 Rae8 21. Bc1 Bd8
22. Bf4 Bc7 23. Qe4 Qxe4 24. Rxe4 Nb6 25. h5 Nd5 26. h6 f5 27. exf6 gxf6 28.
Bxc7 Nxc7 29. Nh2 Kf7 30. Nf3 Nd5 31. Kg2 Nc3 32. Rh4 e5 33. Re1 Re6 34. Nd2 f5
35. g4 Rg8 36. f3 Kf6 37. Kf2 fxg4 38. fxg4 Kg6 39. Rh5 Rge8 40. Kg3 e4 41. Nxe4
Nxe4+ 42. dxe4 Rxe4 43. Rxe4 Rxe4 44. Rxc5 d3 45. cxd3 Re3+ 46. Kf4 Rxd3 47.
Rc6+ Kf7 48. Rc7+ Kg6 49. Rc6+ Kf7 50. g5 Rxb3 51. Rc7+ Kg8 52. Rg7+ Kh8 53.
Rxa7 Kg8 54. Rg7+ Kh8 55. Rb7 Kg8 56. Ke5 Rb1 57. Kd4 b3 58. Kc3 Ra1 59. Rg7+
Kh8 60. Ra7 1-0

[Event "2nd Kolkata GM Open 2015"]
[Site "Kolkata IND"]
[Date "2015.03.19"]
[Round "4.17"]
[White "Kathmale, Sameer"]
[Black "Abdulla, Al-Rakib"]
[Result "0-1"]
[WhiteTitle "IM"]
[BlackTitle "GM"]
[WhiteElo "2322"]
[BlackElo "2521"]
[WhiteFideId "5024498"]
[BlackFideId "10200444"]
[EventDate "2015.03.16"]

1. e4 e5 2. Nf3 Nc6 3. Bb5 g6 4. O-O Bg7 5. c3 a6 6. Ba4 d6 7. d4 Bd7 8. d5 Nce7
9. Bxd7+ Qxd7 10. c4 h6 11. Nc3 f5 12. exf5 gxf5 13. Nd2 Nf6 14. f4 e4 15. Nb3
c5 16. dxc6 bxc6 17. c5 Ned5 18. cxd6 O-O 19. Nxd5 Nxd5 20. Qe2 a5 21. a4 Qxd6
22. Ra3 Nb4 23. Be3 Nd3 24. Nc1 Nxb2 25. Rb3 Rab8 26. h3 Qd5 27. Rxb8 Rxb8 28.
Kh2 Qc4 29. Qf2 Kh7 30. Ne2 Nd3 31. Qg1 Rb2 32. Ng3 Kg6 33. Rb1 Qxa4 34. Rxb2
Bxb2 35. h4 Qc2 36. h5+ Kf6 37. Bd4+ Ke6 38. Bxb2 Qxb2 39. Qe3 Qf2 40. Nxf5 Kxf5
41. Qh3+ Kf6 42. Qd7 Qxf4+ 43. Kg1 Qc1+ 44. Kh2 Qc5 45. Qd8+ Qe7 46. Qh8+ Kg5
47. Qg8+ Kxh5 48. g3 Ne5 49. Kg2 Qf7 50. Qd8 Qf3+ 0-1

[Event "2nd Kolkata GM Open 2015"]
[Site "Kolkata IND"]
[Date "2015.03.19"]
[Round "4.18"]
[White "Oral, Tomas"]
[Black "Vijayalakshmi, Subbaraman"]
[Result "1/2-1/2"]
[WhiteTitle "GM"]
[BlackTitle "IM"]
[WhiteElo "2519"]
[BlackElo "2319"]
[WhiteFideId "303739"]
[BlackFideId "5004098"]
[EventDate "2015.03.16"]

1. e4 c5 2. Nf3 Nc6 3. Bb5 d6 4. Bxc6+ bxc6 5. O-O Bg4 6. h3 Bh5 7. e5 dxe5 8.
g4 e4 9. gxh5 exf3 10. Nc3 Qd7 11. Qxf3 Nh6 12. Ne4 Nf5 13. Nxc5 Qd5 14. Qxd5
cxd5 15. Nb3 g6 16. d4 gxh5 17. Bf4 Rg8+ 18. Kh1 e6 19. c3 Bd6 20. Bxd6 Nxd6 21.
Nc5 Ke7 22. Rae1 Rg6 23. Re5 Rag8 24. Nd3 Nc4 25. Re2 Rf6 26. Rg1 Rfg6 27. Rf1
Rf6 28. Rg1 Rfg6 29. Rf1 Rf6 30. Rg1 Rfg6 1/2-1/2

[Event "2nd Kolkata GM Open 2015"]
[Site "Kolkata IND"]
[Date "2015.03.19"]
[Round "4.19"]
[White "Das, Arghyadip"]
[Black "Raghunandan, Kaumandur Srihari"]
[Result "1-0"]
[WhiteTitle "IM"]
[BlackTitle "FM"]
[WhiteElo "2461"]
[BlackElo "2294"]
[WhiteFideId "5003610"]
[BlackFideId "25004964"]
[EventDate "2015.03.16"]

1. e4 c5 2. Nf3 d6 3. d4 cxd4 4. Nxd4 Nf6 5. Nc3 a6 6. h3 e5 7. Nb3 Be6 8. f4
exf4 9. Bxf4 Nc6 10. Qe2 Ne5 11. O-O-O Qc7 12. g4 Nfd7 13. Nd4 O-O-O 14. Rg1 Kb8
15. Kb1 h6 16. Rg3 g6 17. Qd2 Bg7 18. Nf5 gxf5 19. gxf5 Bf8 20. fxe6 fxe6 21.
Qd4 Be7 22. Be3 Nc6 23. Qd2 h5 24. Rg6 Nf8 25. Rg1 Nd7 26. Be2 Nce5 27. a3 Rhf8
28. Rg7 Bf6 29. Rh7 Rh8 30. Rxh8 Rxh8 31. Qxd6 Qxd6 32. Rxd6 Nf8 33. Nd5 Nf7 34.
Bf4 Be5 35. Rd8+ Ka7 36. Bxe5 Nxe5 37. Nf4 h4 38. Nxe6 Nfg6 39. Rxh8 Nxh8 40.
Kc1 Nhg6 41. Kd2 Kb6 42. Ke3 Kc6 43. b3 a5 44. a4 b6 45. c3 Kd6 46. Nf4 Ne7 47.
Ng2 N7g6 48. Bh5 Kc5 49. Bxg6 Nxg6 50. Nf4 Ne7 51. Nd3+ Kd6 52. Kf4 Nc6 53. Kf5
Ke7 54. e5 Kf7 55. e6+ Kg7 56. Nf4 Ne7+ 57. Ke5 1-0

[Event "2nd Kolkata GM Open 2015"]
[Site "Kolkata IND"]
[Date "2015.03.19"]
[Round "4.20"]
[White "Kulkarni, Rakesh"]
[Black "Bakre, Tejas"]
[Result "1-0"]
[BlackTitle "GM"]
[WhiteElo "2282"]
[BlackElo "2458"]
[WhiteFideId "5037077"]
[BlackFideId "5004195"]
[EventDate "2015.03.16"]

1. e4 c5 2. c3 d5 3. exd5 Qxd5 4. d4 Bf5 5. Be3 Nc6 6. Na3 cxd4 7. Nb5 O-O-O 8.
Nxd4 Nf6 9. Qb3 Nxd4 10. Bxd4 e5 11. Be3 Be6 12. Nf3 Qxb3 13. axb3 Bxb3 14. Nxe5
Nd5 15. Bd4 Nb4 16. Bd3 Nxd3+ 17. Nxd3 a6 18. O-O f6 19. Rfe1 Bd6 20. Nc5 Bd5
21. f3 Rhe8 22. Kf2 Bc4 23. Ne4 Bc7 24. g3 a5 25. h4 b5 26. h5 h6 27. g4 b4 28.
Rad1 Bb3 29. Rd2 Bd5 30. cxb4 axb4 31. Bc5 b3 32. Ree2 Be5 33. Bd4 Bf4 34. Be3
Be5 35. Bb6 Rd7 36. Nc5 Rd6 37. f4 Rxb6 38. Rxd5 Kc7 39. fxe5 Kc6 40. Red2 Rb5
41. exf6 gxf6 42. Nd7 Rxd5 43. Rxd5 Re4 44. Nxf6 Rf4+ 45. Kg3 Rxf6 46. Rd3 1-0

[Event "2nd Kolkata GM Open 2015"]
[Site "Kolkata IND"]
[Date "2015.03.20"]
[Round "5.1"]
[White "Short, Nigel D"]
[Black "Ganguly, Surya Shekhar"]
[Result "1/2-1/2"]
[WhiteTitle "GM"]
[BlackTitle "GM"]
[WhiteElo "2664"]
[BlackElo "2603"]
[WhiteFideId "400025"]
[BlackFideId "5002150"]
[EventDate "2015.03.16"]

1. b3 d5 2. Bb2 e6 3. e3 Nf6 4. c4 Be7 5. Nf3 O-O 6. d4 c5 7. Bd3 b6 8. O-O Bb7
9. Nbd2 Nbd7 10. Qe2 Ne4 11. Rfd1 Qc7 12. cxd5 exd5 13. Rac1 Bf6 14. Nf1 Rac8
15. Ng3 g6 16. Bb5 Bc6 17. Bxc6 Qxc6 18. dxc5 Nxg3 19. hxg3 bxc5 20. Bxf6 Nxf6
21. Ne5 Qb6 22. Qc2 Rc7 23. Nd3 Rfc8 24. Nf4 c4 25. Qb2 cxb3 26. Rxc7 Rxc7 27.
axb3 Rc5 28. Ne2 a5 29. Nd4 h5 30. Rc1 Rxc1+ 31. Qxc1 Qb4 32. f3 a4 33. bxa4
Qxa4 34. Qc7 Qd7 35. Qe5 Ne8 36. Kh2 Ng7 37. Ne2 Qe6 38. Qb8+ Qe8 39. Qxe8+ Nxe8
40. Kh3 Kg7 41. g4 hxg4+ 42. Kxg4 Kf6 43. Nc3 Nc7 44. f4 Ke6 45. Kg5 Ne8 46. Nb5
Nf6 47. Nc7+ Ke7 48. f5 Ne4+ 49. Kf4 gxf5 50. Ke5 f6+ 51. Kxd5 Kf7 52. Nb5 Kg6
53. Nd6 Ng3 54. Ke6 Kg5 55. Nf7+ Kg6 56. Nd6 Kg5 57. Nf7+ 1/2-1/2

[Event "2nd Kolkata GM Open 2015"]
[Site "Kolkata IND"]
[Date "2015.03.20"]
[Round "5.2"]
[White "Lalith, Babu M.R."]
[Black "Deepan, Chakkravarthy J."]
[Result "1/2-1/2"]
[WhiteTitle "GM"]
[BlackTitle "GM"]
[WhiteElo "2556"]
[BlackElo "2476"]
[WhiteFideId "5024595"]
[BlackFideId "5011132"]
[EventDate "2015.03.16"]

1. d4 Nf6 2. c4 g6 3. Nf3 Bg7 4. e3 O-O 5. Be2 c5 6. d5 e6 7. Nc3 exd5 8. cxd5
d6 9. O-O Re8 10. Nd2 Na6 11. Nc4 Nc7 12. a4 b6 13. Re1 Ba6 14. Rb1 Rb8 15. b3
b5 16. axb5 Nxb5 17. Bb2 Nxc3 18. Bxc3 Ne4 19. Bxg7 Kxg7 20. Qc2 Qf6 21. Bf3 Ng5
22. Be2 Ne4 23. Bf3 Ng5 24. Be2 Ne4 25. Bf3 Ng5 1/2-1/2

[Event "2nd Kolkata GM Open 2015"]
[Site "Kolkata IND"]
[Date "2015.03.20"]
[Round "5.3"]
[White "Swapnil, S. Dhopade"]
[Black "Kovalev, Vladislav"]
[Result "1-0"]
[WhiteTitle "IM"]
[BlackTitle "GM"]
[WhiteElo "2450"]
[BlackElo "2531"]
[WhiteFideId "5019184"]
[BlackFideId "13504398"]
[EventDate "2015.03.16"]

1. d4 Nf6 2. c4 g6 3. Nc3 Bg7 4. e4 d6 5. f4 O-O 6. Nf3 Na6 7. Bd3 e5 8. fxe5
dxe5 9. d5 Ne8 10. O-O c5 11. Bg5 f6 12. Bh4 Nd6 13. a3 Qe7 14. Rb1 Bd7 15. Kh1
b6 16. Qe2 Rac8 17. Bc2 Qe8 18. Nd2 f5 19. exf5 gxf5 20. g4 e4 21. Bg3 Be5 22.
Bxe5 Qxe5 23. gxf5 e3 24. Nf3 Qe7 25. Ng5 Nxf5 26. Ne6 Bxe6 27. dxe6 Nd4 28.
Qxe3 Qxe6 29. Qxe6+ Nxe6 30. Nd5 Rxf1+ 31. Rxf1 Rf8 32. Rxf8+ Nxf8 33. Ne7+ Kg7
34. Nc8 Nb8 35. Nxa7 Nbd7 36. Kg2 Kf6 37. Kf2 Ne5 38. b3 Ng4+ 39. Kg3 Ne3 40.
Bd3 Ke5 41. Kf3 Kd4 42. Ke2 Ng2 43. Kd2 Ke5 44. Nc8 Nh4 45. Ke3 Ng2+ 46. Kd2 Nh4
47. h3 Nd7 48. Bxh7 Nf3+ 49. Kc3 Ng5 50. Bg6 Nxh3 51. Be8 Nf6 52. Bc6 Nf4 53.
Nxb6 Ne2+ 54. Kb2 Kd6 55. Bg2 Nf4 56. Bf3 Nd3+ 57. Kc3 Ne5 58. Bg2 Nh5 59. Nd5
Ng3 60. Nf4 Ng4 61. Bf3 Ne5 62. Bg2 Ng4 63. b4 cxb4+ 64. axb4 Ne5 65. c5+ Kc7
66. b5 Nf5 67. Be4 Ng7 68. Kd4 Nd7 69. Bg6 Kb8 70. Kd5 Kc7 71. b6+ Kb8 72. Kd6
Nf8 73. Be4 Ne8+ 74. Ke7 Nd7 75. Nd3 Nef6 76. Bg2 Ng4 77. Kxd7 Ne5+ 78. Kd8 Nc6+
79. Ke8 1-0

[Event "2nd Kolkata GM Open 2015"]
[Site "Kolkata IND"]
[Date "2015.03.20"]
[Round "5.4"]
[White "Das, Arghyadip"]
[Black "Kokarev, Dmitry"]
[Result "0-1"]
[WhiteTitle "IM"]
[BlackTitle "GM"]
[WhiteElo "2461"]
[BlackElo "2638"]
[WhiteFideId "5003610"]
[BlackFideId "4132181"]
[EventDate "2015.03.16"]

1. e4 c5 2. Nf3 d6 3. d4 cxd4 4. Nxd4 Nf6 5. Nc3 a6 6. h3 e5 7. Nb3 Be6 8. f4 g6
9. Be2 Nbd7 10. O-O Qc7 11. Be3 Be7 12. a4 exf4 13. Bxf4 O-O 14. Kh1 Ne5 15. Nd4
Nfd7 16. Nxe6 fxe6 17. Bg4 Nxg4 18. Qxg4 Rf6 19. Qe2 Rc8 20. Rae1 Qc4 21. Qxc4
Rxc4 22. Bd2 Rxf1+ 23. Rxf1 Bf6 24. Rf3 Bxc3 25. Rxc3 Rxc3 26. Bxc3 Kf7 27. Bb4
Nc5 28. Bxc5 dxc5 29. e5 Ke7 30. Kg1 Kd7 31. c4 Kc6 32. a5 b6 33. Kf2 bxa5 34.
Ke3 a4 35. Kd2 g5 36. h4 gxh4 37. Ke3 Kb6 38. Kf4 h6 0-1

[Event "2nd Kolkata GM Open 2015"]
[Site "Kolkata IND"]
[Date "2015.03.20"]
[Round "5.5"]
[White "Quesada Perez, Yuniesky"]
[Black "Narayanan, Srinath"]
[Result "1/2-1/2"]
[WhiteTitle "GM"]
[BlackTitle "IM"]
[WhiteElo "2637"]
[BlackElo "2459"]
[WhiteFideId "3504409"]
[BlackFideId "5018420"]
[EventDate "2015.03.16"]

1. e4 e5 2. Nf3 Nc6 3. Bb5 a6 4. Ba4 Nf6 5. O-O Be7 6. Re1 b5 7. Bb3 d6 8. c3
O-O 9. h3 Bb7 10. d4 Re8 11. Nbd2 exd4 12. cxd4 Nd7 13. Nf1 Na5 14. Bc2 Bf6 15.
Ng3 g6 16. Bh6 Rc8 17. b3 c5 18. Rc1 cxd4 19. Nxd4 d5 20. Re2 Bg5 21. Bxg5 Qxg5
22. Nf3 Qf4 23. exd5 Bxd5 24. Qd2 Qxd2 25. Rxe8+ Rxe8 26. Nxd2 Nf6 27. Ndf1 Bb7
28. Ne3 Nc6 29. Bb1 Re7 30. Ne2 Nb4 1/2-1/2

[Event "2nd Kolkata GM Open 2015"]
[Site "Kolkata IND"]
[Date "2015.03.20"]
[Round "5.6"]
[White "Gopal, G.N."]
[Black "Lin, Chen"]
[Result "1/2-1/2"]
[WhiteTitle "GM"]
[BlackTitle "IM"]
[WhiteElo "2575"]
[BlackElo "2448"]
[WhiteFideId "5015693"]
[BlackFideId "8602298"]
[EventDate "2015.03.16"]

1. e4 e5 2. Nf3 Nc6 3. Bb5 Nf6 4. d3 d6 5. c3 Be7 6. Nbd2 O-O 7. O-O a6 8. Ba4
b5 9. Bc2 d5 10. Re1 dxe4 11. dxe4 Be6 12. h3 h6 13. Qe2 Nh5 14. Nf1 Bc4 15. Qd1
Nf4 16. Bxf4 Qxd1 17. Raxd1 exf4 18. Bb3 Bxb3 19. axb3 Rfd8 20. Rd5 g6 21. N1d2
Rab8 22. b4 a5 23. bxa5 Nxa5 24. Rxd8+ Rxd8 25. Ra1 Nc6 26. Kf1 Bc5 27. Ke2 Bb6
28. b4 Kg7 29. Ra2 Kf6 30. Ne1 Ne5 1/2-1/2

[Event "2nd Kolkata GM Open 2015"]
[Site "Kolkata IND"]
[Date "2015.03.20"]
[Round "5.7"]
[White "Lu, Shanglei"]
[Black "Xu, Yinglun"]
[Result "1-0"]
[WhiteTitle "GM"]
[WhiteElo "2570"]
[BlackElo "2443"]
[WhiteFideId "8603332"]
[BlackFideId "8604940"]
[EventDate "2015.03.16"]

1. e4 c5 2. Nf3 d6 3. d4 cxd4 4. Nxd4 Nf6 5. Nc3 e6 6. g4 a6 7. g5 Nfd7 8. h4 b5
9. a3 Bb7 10. Be3 Nc6 11. Nxc6 Bxc6 12. h5 Rb8 13. Rh3 Qc7 14. Qd4 Qb6 15. h6
Qxd4 16. Bxd4 Rg8 17. hxg7 Bxg7 18. Bxg7 Rxg7 19. O-O-O Rxg5 20. Rxd6 Rg1 21.
Rd1 Rg7 22. f3 Ke7 23. Ne2 Rh8 24. Nd4 Bb7 25. Rh5 Rc8 26. Be2 Rc5 27. Rxc5 Nxc5
28. Rh1 Kd6 29. Kd2 f6 30. Rh6 Rf7 31. b4 Nd7 32. c4 bxc4 33. Bxc4 Nf8 34. Rh5
Rc7 35. Bf1 e5 36. Nf5+ Ke6 37. Ne3 Kf7 38. Rh6 Rc6 39. Bc4+ Ke8 40. Bd5 Rd6 41.
Nc4 Rd7 42. Rxf6 Bxd5 43. exd5 1-0

[Event "2nd Kolkata GM Open 2015"]
[Site "Kolkata IND"]
[Date "2015.03.20"]
[Round "5.8"]
[White "Sengupta, Deep"]
[Black "Swayams, Mishra"]
[Result "1/2-1/2"]
[WhiteTitle "GM"]
[BlackTitle "IM"]
[WhiteElo "2567"]
[BlackElo "2440"]
[WhiteFideId "5008352"]
[BlackFideId "5028183"]
[EventDate "2015.03.16"]

1. e4 e5 2. Nf3 Nc6 3. Bb5 a6 4. Ba4 Nf6 5. O-O Be7 6. Re1 b5 7. Bb3 O-O 8. c3
d6 9. h3 Bb7 10. d4 Na5 11. Bc2 Nc4 12. b3 Nb6 13. Nbd2 exd4 14. cxd4 c5 15. Bb2
Nfd7 16. Qb1 cxd4 17. Bxd4 Bf6 18. Qb2 Rc8 19. Rac1 Re8 20. Bb1 Bxd4 21. Qxd4
Qf6 22. Rcd1 Qxd4 23. Nxd4 g6 24. Re2 Kg7 25. N2f3 Nf6 26. Rde1 Rc3 27. Nh2 Nbd7
28. Nf1 Rec8 29. f3 Kf8 30. Kf2 Rc1 31. g4 R8c3 32. Ng3 Ne5 33. g5 Nfd7 34. Rxc1
Rxc1 35. Re1 Rxe1 36. Kxe1 Nc5 37. Ke2 Nc6 38. Nxc6 Bxc6 39. Ke3 Kg7 40. h4 h6
41. Ne2 hxg5 42. hxg5 b4 43. Nd4 Bd7 44. Bd3 f6 45. f4 Kf7 46. Bc4+ Ke7 47. Bd5
fxg5 48. fxg5 a5 49. Ne2 Be8 50. Nf4 Nd7 51. Bc6 Ne5 52. Nd5+ Kd8 53. Bxe8 Kxe8
54. Nf4 Kd7 55. Ne2 Nf7 56. Kf4 Ne5 57. Ke3 Nf7 58. Nf4 Nxg5 59. Nxg6 Kc6 60.
Nf4 Nf7 61. Nd3 Ng5 62. Nb2 Kc5 63. Na4+ Kc6 64. Nb2 Kc5 65. Nd3+ Kc6 66. Nf4
Nf7 67. Ne6 Ne5 68. Kd4 Nf3+ 69. Ke3 Ne5 70. Kd4 Nf3+ 71. Kd3 Ne5+ 72. Ke3 d5
73. Nf4 Ng4+ 74. Kf3 Ne5+ 75. Ke3 Ng4+ 76. Kd4 dxe4 77. Kxe4 Nf2+ 78. Kd4 Nd1
79. Nd5 Kb5 80. Nc7+ Kc6 81. Nd5 Kb5 82. Nc7+ 1/2-1/2

[Event "2nd Kolkata GM Open 2015"]
[Site "Kolkata IND"]
[Date "2015.03.20"]
[Round "5.9"]
[White "Neelotpal, Das"]
[Black "Stupak, Kirill"]
[Result "0-1"]
[WhiteTitle "GM"]
[BlackTitle "GM"]
[WhiteElo "2446"]
[BlackElo "2567"]
[WhiteFideId "5003512"]
[BlackFideId "13503758"]
[EventDate "2015.03.16"]

1. e4 c6 2. d4 d5 3. Nd2 g6 4. Ngf3 Bg7 5. c3 Nh6 6. Bd3 O-O 7. O-O f6 8. Re1
Nf7 9. h4 e5 10. h5 gxh5 11. Nh4 Bg4 12. Be2 Qd7 13. Bxg4 Qxg4 14. Qb3 Qxh4 15.
Qxb7 Qg4 16. Qxa8 Qd7 17. exd5 cxd5 18. Nc4 Nc6 19. Nb6 axb6 20. Qa6 exd4 21.
Qxb6 Nfe5 22. Qa6 h4 23. Bf4 h3 24. cxd4 Nxd4 25. Rad1 Qg4 0-1